[Event "Asian Continental op 13th"]
[Site "Sharjah"]
[Date "2014.04.22"]
[Round "6"]
[White "Negi, Parimarjan"]
[Black "Idani, Pouya"]
[Result "1-0"]
[WhiteElo "2640"]
[BlackElo "2502"]
[PlyCount "65"]
[EventDate "2014.04.17"]
[EventType "swiss"]
[EventRounds "9"]
[EventCountry "UAE"]
[SourceTitle "CBM 160"]
[Source "ChessBase"]
[SourceDate "2014.05.15"]
[SourceVersion "1"]
[SourceVersionDate "2014.05.15"]
[SourceQuality "1"]

1. e4 e5 2. Nf3 Nc6 3. Bb5 a6 4. Ba4 Nge7 5. c3 g6 6. d4 exd4 7. cxd4 b5 8. Bc2 d5 9. exd5 Nxd5 10. 0-0 Be6 11. Nc3 Bg7 12. Bg5 Nxc3 13. bxc3 Qd7 14. Be4 f5 15. Bc2 Na5 16. Ne1 0-0 17. Nd3 Bc4 18. Re1 Rfe8 19. Rxe8+ Rxe8 20. a4 Nb7 21. axb5 axb5 22. Ra7 Qc6 23. Ne5 Bxe5 24. dxe5 Nc5 25. h4 Ne6 26. Bb3 Nxg5 27. hxg5 Bxb3 28. Qxb3+ Kg7 29. Qd1 Qxc3 30. e6 Re7 31. g3 f4 32. Ra8 h6 33. Re8 1-0